Vaše šance jít do práce : průvodce pracovním trhem : učebnice pro cizince /
| Hlavní autor: | Víznerová, Hana, 1980- |
|---|---|
| Další autoři: | Jedličková, Veronika, 1979 červen 6.-, Krchová, Andrea, 1979- |
| Jazyk: | Ruština Vietnamština Čeština Angličtina |
| Vydáno: |
Praha : EKS, 2011 |
| Vydání: | 1. vyd. |
| Témata: | |
| Fyzický popis: |
196 s. : il. (některé barev.) ; 30 cm |
| Language note: |
Část. anglický, ruský a vietnamský text |
|
| LEADER | 02562nam a2200697 a 4500 | ||
|---|---|---|---|
| 001 | nkc20112177957 | ||
| 003 | CZ PrNK | ||
| 005 | 20110729102205.0 | ||
| 007 | ta | ||
| 008 | 110328s2011 xr a e p 000 0 cze | ||
| 015 | |a cnb002177957 | ||
| 020 | |a 978-80-904452-3-9 |q (brož.) | ||
| 035 | |a (OCoLC)741402403 | ||
| 040 | |a BOA001 |b cze | ||
| 041 | 0 | |a cze |a eng |a rus |a vie | |
| 043 | |a e-xr--- | ||
| 072 | 7 | |a 331 |x Práce |2 Konspekt |9 4 | |
| 072 | 7 | |a 37.016 |x Učební osnovy. Vyučovací předměty. Učebnice |2 Konspekt |9 22 | |
| 080 | |a 314.151-054.6 |2 MRF | ||
| 080 | |a 331.5 |2 MRF | ||
| 080 | |a 331.535 |2 MRF | ||
| 080 | |a 331.556.4 |2 MRF | ||
| 080 | |a 316.4.063.3-054.72 |2 MRF | ||
| 080 | |a 811.162.3 |2 MRF | ||
| 080 | |a (437.3) |2 MRF | ||
| 080 | |a (075) |2 MRF | ||
| 080 | |a (035) |2 MRF | ||
| 100 | 1 | |a Víznerová, Hana, |d 1980- |7 mzk2008458814 |4 aut | |
| 245 | 1 | 0 | |a Vaše šance jít do práce : |b průvodce pracovním trhem : učebnice pro cizince / |c [autorky Hana Víznerová, Veronika Jedličková, Andrea Krchová] |
| 250 | |a 1. vyd. | ||
| 260 | |a Praha : |b EKS, |c 2011 | ||
| 300 | |a 196 s. : |b il. (některé barev.) ; |c 30 cm | ||
| 500 | |a Pub. vznikla v rámci projektu "Šance - práce - integrace!" | ||
| 500 | |a 1000 výt. | ||
| 546 | |a Část. anglický, ruský a vietnamský text | ||
| 650 | 0 | 7 | |a cizinci |7 ph119254 |z Česko |2 czenas |
| 650 | 0 | 7 | |a trh práce |7 ph116483 |z Česko |2 czenas |
| 650 | 0 | 7 | |a hledání zaměstnání |7 ph139114 |z Česko |2 czenas |
| 650 | 0 | 7 | |a zaměstnávání cizinců |7 ph127535 |z Česko |2 czenas |
| 650 | 0 | 7 | |a integrace imigrantů |7 ph164956 |z Česko |2 czenas |
| 650 | 0 | 7 | |a čeština |7 ph135292 |2 czenas |
| 650 | 0 | 9 | |a aliens |z Czechia |2 eczenas |
| 650 | 0 | 9 | |a labor market |z Czechia |2 eczenas |
| 650 | 0 | 9 | |a job hunting |z Czechia |2 eczenas |
| 650 | 0 | 9 | |a alien labor |z Czechia |2 eczenas |
| 650 | 0 | 9 | |a integration of immigrants |z Czechia |2 eczenas |
| 650 | 0 | 9 | |a Czech language |2 eczenas |
| 653 | 0 | |a čeština jako cizí jazyk | |
| 653 | 0 | |a jazyková úroveň A1 | |
| 655 | 7 | |a učebnice |7 fd133770 |2 czenas | |
| 655 | 7 | |a příručky |7 fd133209 |2 czenas | |
| 655 | 9 | |a textbooks |2 eczenas | |
| 655 | 9 | |a handbooks and manuals |2 eczenas | |
| 700 | 1 | |a Jedličková, Veronika, |d 1979 červen 6.- |7 mzk2011641033 |4 aut | |
| 700 | 1 | |a Krchová, Andrea, |d 1979- |7 mzk2008458813 |4 aut | |
| 910 | 2 | |a BOA001 |b 4-1267.140 | |
| 928 | 9 | |a Evropská kontaktní skupina | |
| 990 | |a BK | ||
| 995 | |a 01 | ||
| 991 | |b 201106 |c NOV |e n | ||
| 996 | 6 | |b 2610479575 |c 4-1267.140 |l MZK |r Sklad / do 1 hodiny |n 8 |p p.v. |w 001182861 |u 000010 |a 1 |e BOA001 |j MZK50 |s P | |
English
Čeština 